000 00351nam a2200109Ia 4500
008 240731s9999 xx 000 0 und d
245 0 _aInternational Institute for Conservation of Historic and Artistic Works : Bulletin of the American Group
260 _bRoutledge
856 _uhttps://www.tandfonline.com/loi/yjac18
942 _2ddc
942 _cTFEJ
999 _c77028
_d77028
945 _a1
_bMadushi Gamage
_c1
_dMadushi Gamage